|
|
|
|
| LEADER |
01861nam a22003974a 4500 |
| 001 |
EBC254231 |
| 003 |
MiAaPQ |
| 005 |
20200520144314.0 |
| 006 |
m o d | |
| 007 |
cr cn||||||||| |
| 008 |
041208s2006 enka sb 001 0 eng |
| 010 |
|
|
|z 2004029259
|
| 020 |
|
|
|z 0415288673 (hbk)
|
| 020 |
|
|
|z 0415288681 (pbk)
|
| 035 |
|
|
|a (MiAaPQ)EBC254231
|
| 035 |
|
|
|a (Au-PeEL)EBL254231
|
| 035 |
|
|
|a (CaPaEBR)ebr10163565
|
| 035 |
|
|
|a (CaONFJC)MIL25192
|
| 035 |
|
|
|a (OCoLC)475967195
|
| 040 |
|
|
|a MiAaPQ
|c MiAaPQ
|d MiAaPQ
|
| 043 |
|
|
|a ae-----
|a as-----
|
| 050 |
|
4 |
|a HC460.5
|b .E36 2006
|
| 082 |
0 |
4 |
|a 338.95
|2 22
|
| 245 |
0 |
0 |
|a Economic development in Pacific Asia
|h [electronic resource] /
|c [edited by] Hafiz Akhand and Kanhaya Gupta.
|
| 260 |
|
|
|a London, New York, NY :
|b Routledge,
|c 2006.
|
| 300 |
|
|
|a xiii, 169 p. :
|b ill.
|
| 504 |
|
|
|a Includes bibliographical references, (p.[148]-156) and index.
|
| 505 |
0 |
|
|a Introduction -- Record of transformation -- The East Asian miracle: perspiration or inspiration? -- Factor price distortions and economic activity -- Growth, poverty, and income distribution -- East Asian financial crisis -- Corruption, growth and foreign direct investment -- Urbanization -- Gender gap -- Digital divide -- Globalization and labour market outcomes -- What we have learned and what remains to be done
|
| 533 |
|
|
|a Electronic reproduction. Ann Arbor, MI : ProQuest, 2015. Available via World Wide Web. Access may be limited to ProQuest affiliated libraries.
|
| 651 |
|
0 |
|a East Asia
|x Economic conditions.
|
| 651 |
|
0 |
|a Southeast Asia
|x Economic conditions.
|
| 655 |
|
4 |
|a Electronic books.
|
| 700 |
1 |
|
|a Akhand, Hafiz A.
|
| 700 |
1 |
|
|a Gupta, Kanhaya L.
|q (Kanhaya Lal),
|d 1935-
|
| 710 |
2 |
|
|a ProQuest (Firm)
|
| 856 |
4 |
0 |
|u https://ebookcentral.proquest.com/lib/matrademy/detail.action?docID=254231
|z Click to View
|